| 000 | 00662nam a2200229 i 4500 | ||
|---|---|---|---|
| 001 | bg | ||
| 100 | 1 |
_aBalicki, Władysław _d(1941- ). |
|
| 245 | 1 | 0 |
_aMakroekonomia / _cWładysław Balicki. |
| 260 |
_aPoznań : _bWydawnictwo Wyższej Szkoły Bankowej, _c1996. |
||
| 300 |
_a218, [1] s. : _bwykr., err. ; _c24 cm. |
||
| 504 | _aSpis treści także ang., niem. | ||
| 650 | 4 | _aEkonomia polityczna | |
| 650 | 4 | _aMakroekonomia | |
| 650 | 4 | _aPodręczniki akademickie | |
| 020 | _a838680842X | ||
| 040 | _cBPK | ||
| 041 | 0 |
_apl _bende |
|
| 080 | _a330.101.541(075.8) | ||
| 920 | _a83-86808-42-X | ||
| 942 | _cKS | ||
| 008 | s pl f |000 0 pol | ||
| 999 |
_c31779 _d31779 |
||
| 856 |
_uhttp://koha.tu.koszalin.pl/cgi-bin/koha/opac-detail.pl?biblionumber=31779 _yKatalog online BPK |
||